000 00398nam a2200157Ia 4500
003 GCL
008 140319s9999 xx 000 0 eng d
040 _aGCL /
_cGCL
082 0 4 _aCH
_b372.216
_bM E
100 1 _aMORIN, PATRICK
245 1 0 _aL'EAU LA TERRE, L'AIR, LE FEU /
_cMORIN, PATRICK
260 _a[S.N] :
_bNATHAN
650 0 4 _aSTUDY AND TEACHING
650 0 4 _aCHILDREN
942 _2ddc
_cBK
999 _c23587
_d23587